Statistics for NBA Top 10 Clutch Players All-Time

Click here to take the quiz!

General Stats

  • This quiz has been taken 31 times
  • The average score is 6 of 11

Answer Stats

Player % Correct
Michael Jordan
100%
Kobe Bryant
92%
Larry Bird
88%
Reggie Miller
58%
Jerry West
54%
Isiah Thomas
50%
Ray Allen
46%
Paul Pierce
33%
Robert Horry
29%
Chauncey Billups
17%
Gilbert Arenas
8%

Score Distribution

Percentile by Number Answered

Percent of People with Each Score

Your Score History

You have not taken this quiz